Linear algebra. (Record no. 543666)
[ view plain ]
| 000 -LEADER | |
|---|---|
| fixed length control field | 00393cam a22001451 4500 |
| 082 00 - DEWEY DECIMAL CLASSIFICATION NUMBER | |
| Classification number | 512.5 |
| Author Mark | HAD |
| 100 1# - MAIN ENTRY--PERSONAL NAME | |
| Personal name | Hadley, G. |
| 9 (RLIN) | 39120 |
| 245 10 - TITLE STATEMENT | |
| Title | Linear algebra. |
| 260 ## - PUBLICATION, DISTRIBUTION, ETC. | |
| Place of publication, distribution, etc. | Reading, Mass., |
| Name of publisher, distributor, etc. | Addison-Wesley Pub. Co. |
| Date of publication, distribution, etc. | [1961] |
| 300 ## - PHYSICAL DESCRIPTION | |
| Extent | 290 p. |
| Other physical details | illus. |
| Dimensions | 24 cm. |
| 526 ## - STUDY PROGRAM INFORMATION NOTE | |
| Program name | 0 |
| Interest level | 0 |
| Reading level | 0 |
| Title point value | 512_500000000000000_HAD |
| 650 #0 - SUBJECT ADDED ENTRY--TOPICAL TERM | |
| Topical term or geographic name entry element | Algebras, Linear. |
| 9 (RLIN) | 10720 |
| 650 #0 - SUBJECT ADDED ENTRY--TOPICAL TERM | |
| Topical term or geographic name entry element | MCE |
| 9 (RLIN) | 379 |
| 942 ## - ADDED ENTRY ELEMENTS (KOHA) | |
| Source of classification or shelving scheme | |
| Koha item type | Book |
| Withdrawn status | Lost status | Source of classification or shelving scheme | Damaged status | Not for loan | Permanent Location | Current Location | Date acquired | Total Checkouts | Full call number | Barcode | Date last seen | Price effective from | Koha item type |
|---|---|---|---|---|---|---|---|---|---|---|---|---|---|
| Military College of Engineering (MCE) | Military College of Engineering (MCE) | 03/28/2014 | 512.5 HAD | MCE-42664 | 03/28/2014 | 03/28/2014 | Book |
